| 000 | 02190nam0a2200361 i 4500 | ||
|---|---|---|---|
| 001 | RU\NLR\bibl\1963629 | ||
| 005 | 20260503054236.0 | ||
| 010 |
_a9785875557804 _9200 |
||
| 021 |
_aRU _b2012-77080 _95717 |
||
| 035 | _a(nilc)LIBNET\0000266849 | ||
| 035 | _a(NLR Aleph) 001952610 | ||
| 090 |
_a3715963 _c3715963 |
||
| 100 | _a20120822d2012 u y0rusy50 ca | ||
| 101 | 0 | _arus | |
| 102 | _aRU | ||
| 105 | _aa ||||||||| | ||
| 200 | 1 |
_aМониторинг результатов деятельности учреждения дополнительного образования детей _eучебное пособие _e[для подготовки бакалавров по направлению "Педагогическое образование" по профилю "Дополнительное образование"] _fА.В. Золотарева, Н.А. Мухамедьярова _gМ-во образования и науки Рос. Федерации, ФГБОУ ВПО "Яросл. гос. пед. ун-т им. К.Д. Ушинского" |
|
| 210 |
_aЯрославль _cИзд-во ЯГПУ _d2012 |
||
| 215 |
_a185 с. _cил. _d21 |
||
| 320 | _aБиблиогр.: с. 115-116 и в подстроч. прим. | ||
| 606 | 1 |
_aДополнительное образование детей _jУчебные издания _xМониторинг _yРоссийская Федерация _92601317 _3RU\NLR\auth\661537875 |
|
| 686 |
_a74.200.587 _vLBC/RL _2rubbk |
||
| 686 | _aЧ421.387к.я7 | ||
| 700 | 1 |
_4070 _7ca _8rus _aЗолотарева _bА. В. _gАнгелина Викторовна _9128689 _3RU\NLR\AUTH\770128720 |
|
| 701 | 1 |
_aМухамедьярова _bН. А. _gНаталья Андреевна _4070 |
|
| 712 | 0 | 2 |
_aЯрославский государственный педагогический университет им. К. Д. Ушинского _9304213 _3RU\NLR\AUTH\8815514 |
| 801 | 0 |
_aRU _bЯрославская ОУНБ _c20120822 _grcr _2rusmarc |
|
| 801 | 1 |
_aRU _bЯрославская ОУНБ _c20120822 _grcr _2rusmarc |
|
| 801 | 2 |
_aRU _bNLR _c20121106 _grcr |
|
| 830 | _aавт. по ЭК | ||
| 942 | _cBOOK | ||
| 980 | _aNBR | ||